<?xml version="1.0" encoding="UTF-8"?><?xml-stylesheet type="text/xsl" href="static/style.xsl"?><OAI-PMH xmlns="http://www.openarchives.org/OAI/2.0/" xmlns:xsi="http://www.w3.org/2001/XMLSchema-instance" xsi:schemaLocation="http://www.openarchives.org/OAI/2.0/ http://www.openarchives.org/OAI/2.0/OAI-PMH.xsd"><responseDate>2026-04-13T02:48:55Z</responseDate><request verb="GetRecord" identifier="oai:www.recercat.cat:10459.1/59608" metadataPrefix="marc">https://recercat.cat/oai/request</request><GetRecord><record><header><identifier>oai:recercat.cat:10459.1/59608</identifier><datestamp>2024-12-05T22:00:43Z</datestamp><setSpec>com_2072_3622</setSpec><setSpec>col_2072_479130</setSpec></header><metadata><record xmlns="http://www.loc.gov/MARC21/slim" xmlns:dcterms="http://purl.org/dc/terms/" xmlns:xsi="http://www.w3.org/2001/XMLSchema-instance" xmlns:doc="http://www.lyncode.com/xoai" xsi:schemaLocation="http://www.loc.gov/MARC21/slim http://www.loc.gov/standards/marcxml/schema/MARC21slim.xsd">
   <leader>00925njm 22002777a 4500</leader>
   <datafield ind2=" " ind1=" " tag="042">
      <subfield code="a">dc</subfield>
   </datafield>
   <datafield ind2=" " ind1=" " tag="720">
      <subfield code="a">Ballesteros, Javier</subfield>
      <subfield code="e">author</subfield>
   </datafield>
   <datafield ind2=" " ind1=" " tag="720">
      <subfield code="a">Moral, Ester</subfield>
      <subfield code="e">author</subfield>
   </datafield>
   <datafield ind2=" " ind1=" " tag="720">
      <subfield code="a">Brieva Ruiz, Luis</subfield>
      <subfield code="e">author</subfield>
   </datafield>
   <datafield ind2=" " ind1=" " tag="720">
      <subfield code="a">Ruiz-Beato, Elena</subfield>
      <subfield code="e">author</subfield>
   </datafield>
   <datafield ind2=" " ind1=" " tag="720">
      <subfield code="a">Prefasi, Daniel</subfield>
      <subfield code="e">author</subfield>
   </datafield>
   <datafield ind2=" " ind1=" " tag="720">
      <subfield code="a">Maurino, Jorge</subfield>
      <subfield code="e">author</subfield>
   </datafield>
   <datafield ind2=" " ind1=" " tag="260">
      <subfield code="c">2017-05-10T09:36:34Z</subfield>
   </datafield>
   <datafield ind2=" " ind1=" " tag="260">
      <subfield code="c">2017-05-10T09:36:34Z</subfield>
   </datafield>
   <datafield ind2=" " ind1=" " tag="260">
      <subfield code="c">2017</subfield>
   </datafield>
   <datafield ind2=" " ind1=" " tag="520">
      <subfield code="a">Background: Shared decision-making is a cornerstone of patient-centred care. The 9-item Shared Decision-Making&#xd;
Questionnaire (SDM-Q-9) is a brief self-assessment tool for measuring patients’ perceived level of involvement in&#xd;
decision-making related to their own treatment and care. Information related to the psychometric properties of the&#xd;
SDM-Q-9 for multiple sclerosis (MS) patients is limited. The objective of this study was to assess the performance of&#xd;
the items composing the SDM-Q-9 and its dimensional structure in patients with relapsing-remitting MS.&#xd;
Methods: A non-interventional, cross-sectional study in adult patients with relapsing-remitting MS was conducted&#xd;
in 17 MS units throughout Spain. A nonparametric item response theory (IRT) analysis was used to assess the latent&#xd;
construct and dimensional structure underlying the observed responses. A parametric IRT model, General Partial&#xd;
Credit Model, was fitted to obtain estimates of the relationship between the latent construct and item&#xd;
characteristics. The unidimensionality of the SDM-Q-9 instrument was assessed by confirmatory factor analysis.&#xd;
Results: A total of 221 patients were studied (mean age = 42.1 ± 9.9 years, 68.3% female). Median Expanded&#xd;
Disability Status Scale score was 2.5 ± 1.5. Most patients reported taking part in each step of the decision-making&#xd;
process. Internal reliability of the instrument was high (Cronbach’s α = 0.91) and the overall scale scalability score&#xd;
was 0.57, indicative of a strong scale. All items, except for the item 1, showed scalability indices higher than 0.30.&#xd;
Four items (items 6 through to 9) conveyed more than half of the SDM-Q-9 overall information (67.3%). The&#xd;
SDM-Q-9 was a good fit for a unidimensional latent structure (comparative fit index = 0.98, root-mean-square error&#xd;
of approximation = 0.07). All freely estimated parameters were statistically significant (P &lt; 0.001). All items presented&#xd;
standardized parameter estimates with salient loadings (>0.40) with the exception of item 1 which presented the&#xd;
lowest loading (0.26). Items 6 through to 8 were the most relevant items for shared decision-making.&#xd;
Conclusions: The SDM-Q-9 presents appropriate psychometric properties and is therefore useful for assessing&#xd;
different aspects of shared decision-making in patients with multiple sclerosis.</subfield>
   </datafield>
   <datafield ind2=" " ind1=" " tag="520">
      <subfield code="a">The study was funded by Roche Farma SA, Spain</subfield>
   </datafield>
   <datafield ind1="8" ind2=" " tag="024">
      <subfield code="a">http://hdl.handle.net/10459.1/59608</subfield>
   </datafield>
   <datafield tag="653" ind2=" " ind1=" ">
      <subfield code="a">SDM-Q-9</subfield>
   </datafield>
   <datafield tag="653" ind2=" " ind1=" ">
      <subfield code="a">Shared decision-making</subfield>
   </datafield>
   <datafield tag="653" ind2=" " ind1=" ">
      <subfield code="a">Multiple sclerosis</subfield>
   </datafield>
   <datafield tag="653" ind2=" " ind1=" ">
      <subfield code="a">Psychometrics</subfield>
   </datafield>
   <datafield tag="653" ind2=" " ind1=" ">
      <subfield code="a">Patient involvement</subfield>
   </datafield>
   <datafield ind2="0" ind1="0" tag="245">
      <subfield code="a">Psychometric properties of the SDM-Q-9 questionnaire for shared decision-making in multiple sclerosis: item response theory modelling and confirmatory factor analysis</subfield>
   </datafield>
</record></metadata></record></GetRecord></OAI-PMH>